01215 a2200265 4500003000500000005001700005010001700022020001500039020003400054035002400088040000900112082001200121100002100133245007200154260004600226300003800272440001900310505026900329650003400598650001700632651001100649856010600660856009100766856009200857Nust20170207154044.0 a 2007032142 a0470127287 a9780470127285 (paper/website) a(OCoLC)ocn165081894 cNust00a004.6821 aCallahan, C. A.,10aMastering Windows SharePoint Services 3.0 -(E-BOOK)cC.A. Callahan. aIndianapolis, Ind. :bWiley Pub.,cc2008. axxxiii, 1067 p. :bill. ;c24 cm. 0aSerious skills aPart I. Preparing for Windows SharePoint Services 3.0 (page-1), Part II. Using Windows SharePoint Services 3.0 (page-133), Part III. administering Windows SharePoint Services 3.0 (page-563), Part IV. Special Topics in Windows SharePoint Services 3.0 (page-805). 0aIntranets (Computer networks) 0aWeb servers. aE-BOOK423Contributor biographical informationuhttp://www.loc.gov/catdir/enhancements/fy0806/2007032142-b.html423Publisher descriptionuhttp://www.loc.gov/catdir/enhancements/fy0741/2007032142-d.html423Table of contents onlyuhttp://www.loc.gov/catdir/enhancements/fy0741/2007032142-t.html